000 00941nam a22002775a 4500
003 EG-ScBUE
005 20250113101853.0
008 170424t2017 gw a f b 000 0 eng d
020 _a9783330034754
040 _aEG-ScBUE
_beng
_erda
_cEG-ScBUE
_dEG-ScBUE
082 0 4 _a523.01
_bSOL
_222
100 1 _aSoliman, Moustafa Aly,
_eauthor.
_931757
245 1 0 _aRational approximation for Bratu-type equations of solid and hollow geometries /
_cMoustafa Aly Soliman.
264 1 _aSaarbrücken, Germany :
_bLAP LAMBERT Academic Publishing,
_c[2017]
264 4 _cc2017
300 _a46 pages :
_billustrations ;
_c24 cm
336 _2rdacontent
_atext
_btxt
337 _aunmediated
_2rdamedia
_bn
338 _avolume
_bnc
_2rdacarrier
504 _aIncludes bibliographical references.
650 7 _aAstrophysics.
_2BUEsh
650 7 _achemistry.
_2BUEsh
653 _bCOMSCI
_cApril2017
655 _vReading book
_934232
942 _2ddc
_cBB
999 _c24702
_d24674